China (Registo nº 202023)
[ vista simples ]
| 000 -Etiqueta do registo | |
|---|---|
| Valores | 00599nam 22001933 4500 |
| 100 ## - Dados gerais de processamento | |
| Dados gerais | 20260504d u||y0pory50 ba |
| 200 ## - Titulo e menção de responsabilidade | |
| Título próprio | China |
| Informação de outro título | gigante milenário |
| Primeira menção de responsabilidade | Caroline Bluden e Mark Elvin |
| 210 ## - Publicação | |
| Local de publicação | Lisboa |
| Nome do editor | Círculo de Leitores |
| Data de publicação | imp. 1992 |
| 215 ## - Descrição física | |
| Paginação / Volumes | 230, [4] p. |
| Outras indicações físicas | encaernado; ilustrado |
| Dimensões | 31 cm |
| 225 ## - Colecção | |
| Título próprio da colecção | grandes culturas e civilizações |
| 606 ## - Nome comum usado como assunto | |
| ID Autoridade | 2223 |
| Palavra de ordem | História da Asia |
| Subdivisão assunto | China |
| 675 ## - CDU | |
| Notação | 94(5) |
| Edição | PT |
| Língua | por |
| 700 ## - Autor principal (pessoa individual) | |
| ID Autoridade | 17230 |
| Apelido | Bluden |
| Nome | Caroline |
| 701 ## - Co-autor principal (pessoa individual) | |
| ID Autoridade | 17231 |
| Apelido | Elvin |
| Nome | Mark |
| 801 ## - Fonte de origem | |
| País | PT |
| Agência | BMMN |
| Regras de catalogação | RPC |
| 830 ## - Notas gerais do catalogador | |
| Criado por | Fernando |
| Indexado por | Fernando |
| 990 ## - Elementos KOHA | |
| Tipo de documento | Livro |
| Situação do levantamento | Biblioteca de origem | Código de barras | Cota | Permissão de empréstimo | Tipo de documento | Forma de aquisição |
|---|---|---|---|---|---|---|
| Biblioteca Municipal de Montemor-o-Novo | 31438 | 94 (5) BLU|DEP | Livro | Compra |